MARC details
| 000 -CABECERA |
| campo de control de longitud fija |
01545nam a2200361 i 4500 |
| 003 - IDENTIFICADOR DEL NÚMERO DE CONTROL |
| campo de control |
DO-SdBNP |
| 005 - FECHA Y HORA DE LA ÚLTIMA TRANSACCIÓN |
| campo de control |
20240904152509.0 |
| 007 - CAMPO FIJO DE DESCRIPCIÓN FÍSICA--INFORMACIÓN GENERAL |
| campo de control de longitud fija |
ta |
| 008 - DATOS DE LONGITUD FIJA--INFORMACIÓN GENERAL |
| campo de control de longitud fija |
240904s1986 sp 000 j spa d |
| 020 ## - NÚMERO INTERNACIONAL ESTÁNDAR DEL LIBRO |
| Número Internacional Estándar del Libro |
8401921002 (col. Gran Reno) |
| 020 ## - NÚMERO INTERNACIONAL ESTÁNDAR DEL LIBRO |
| Número Internacional Estándar del Libro |
8401929040 (vol. 100/4) |
| 040 ## - FUENTE DE LA CATALOGACIÓN |
| Centro catalogador/agencia de origen |
DO-SdBNP |
| Lengua de catalogación |
spa |
| Centro/agencia transcriptor |
BNPHU |
| Normas de descripción |
rda |
| 082 ## - NÚMERO DE LA CLASIFICACIÓN DECIMAL DEWEY |
| Número de documento/Ítem |
H355g |
| Número de edición |
22 |
| 100 1# - ENTRADA PRINCIPAL--NOMBRE DE PERSONA |
| Nombre de persona |
Hassel, Sven |
| 9 (RLIN) |
11765 |
| Fechas asociadas al nombre |
1917-2012 |
| Término indicativo de función/relación |
autor |
| 245 10 - MENCIÓN DE TÍTULO |
| Título |
General SS / |
| Mención de responsabilidad, etc. |
Sven Hassel ; traductor Domingo Pruna |
| 250 ## - MENCIÓN DE EDICIÓN |
| Mención de edición |
18a. edición |
| 250 ## - MENCIÓN DE EDICIÓN |
| Mención de edición |
2a. edición en esta colección |
| 264 #1 - PRODUCCIÓN, PUBLICACIÓN, DISTRIBUCIÓN, FABRICACIÓN Y COPYRIGHT |
| Producción, publicación, distribución, fabricación y copyright |
Barcelona, España : |
| Nombre del de productor, editor, distribuidor, fabricante |
Plaza & Janes editores, |
| Fecha de producción, publicación, distribución, fabricación o copyright |
1986. |
| 300 ## - DESCRIPCIÓN FÍSICA |
| Extensión |
247 páginas, |
| Dimensiones |
18 cm. |
| 336 ## - TIPO DE CONTENIDO |
| Fuente |
rdacontent |
| Término de tipo de contenido |
texto |
| Código de tipo de contenido |
txt |
| 337 ## - TIPO DE MEDIO |
| Fuente |
rdamedia |
| Nombre/término del tipo de medio |
sin mediación |
| Código del tipo de medio |
n |
| 338 ## - TIPO DE SOPORTE |
| Fuente |
rdacarrier |
| Nombre/término del tipo de soporte |
volumen |
| Código del tipo de soporte |
nc |
| 490 1# - MENCIÓN DE SERIE |
| Mención de serie |
Biblioteca de Sven Hassel |
| 490 1# - MENCIÓN DE SERIE |
| Mención de serie |
Gran Reno |
| Designación de volumen o secuencia |
100/4 |
| 500 ## - NOTA GENERAL |
| Nota general |
Incluye datos biografícos del autor en la solapa de portada. |
| 520 ## - SUMARIO, ETC. |
| Sumario, etc. |
En el desastre de Stalingrado, los soldados alemanes derrotados están muertos de hambre y de frio. Sólo una brecha, abierta por un grupo de combatientes mandados por un general SS más humano que los otros, puede salvarlos de la tortura y de la muerte inevitable. Este aspecto de la batalla germano-rusa, poco conocido del gran público, halla aquí un escritor digno de él. |
| 590 ## - NOTA LOCAL (RLIN) |
| Nota local |
Inventariado, 2024/ YL |
| 650 #4 - PUNTO DE ACCESO ADICIONAL DE MATERIA--TÉRMINO DE MATERIA |
| Término de materia o nombre geográfico como elemento de entrada |
Inmigrantes |
| Subdivisión de forma |
Ficción. |
| 9 (RLIN) |
86524 |
| 650 #4 - PUNTO DE ACCESO ADICIONAL DE MATERIA--TÉRMINO DE MATERIA |
| Término de materia o nombre geográfico como elemento de entrada |
Menonitas |
| Subdivisión de forma |
Ficción. |
| 9 (RLIN) |
86525 |
| 700 ## - PUNTO DE ACCESO ADICIONAL--NOMBRE DE PERSONA |
| Código de función/relación |
trad. |
| Nombre de persona |
Pruna, Domingo |
| Término indicativo de función/relación |
traductor |
| 9 (RLIN) |
14327 |
| 910 ## - DATOS DE OPCIÓN DEL USUARIO (OCLC) |
| Datos de opción del usuario |
YLockward |
| 942 ## - ELEMENTOS DE PUNTO DE ACCESO ADICIONAL (KOHA) |
| Fuente del sistema de clasificación o colocación |
Dewey Decimal Classification |
| Tipo de ítem Koha |
Libro |